000 00576nam a2200193Ia 4500
005 20250326140553.0
008 250326s9999 xx 000 0 und d
020 _a0-671-10030-7
037 _aTextbook
040 _aFMSL
_beng
_cFMSL
041 _aeng
_2eng
084 _aX8(A)obB28 P0
_qFMSL
100 _aCarroll G R
_9742598
245 0 _aDemography of corporations and industries
_cCarroll G R; Han M T
260 _aNew Jersey
_bNew Jersey, Princeton University
_c2000
300 _a490p
942 _cTB
_hX8(A)obB28 P0
999 _c1286365
_d1286365